Online
Catalog

Le stele egiziane del Nuovo Regno. / (Record no. 1250)

MARC details
000 -CABECERA
campo de control de longitud fija 00868cam a22002531 4500
001 - NÚMERO DE CONTROL
campo de control 000001313
005 - FECHA Y HORA DE LA ÚLTIMA TRANSACCIÓN
campo de control 20200929145535.0
008 - DATOS DE LONGITUD FIJA--INFORMACIÓN GENERAL
campo de control de longitud fija 770506s1965 it f b 000 0 ita
010 ## - NÚMERO DE CONTROL DE LA BIBLIOTECA DEL CONGRESO
Número de control de LC 76217969
040 ## - FUENTE DE LA CATALOGACIÓN
Centro catalogador/agencia de origen DO-SdBNP
Centro/agencia transcriptor DLC
Centro/agencia modificador DLC
043 ## - CÓDIGO DE ÁREA GEOGRÁFICA
Código de área geográfica f-ua---
050 00 - SIGNATURA TOPOGRÁFICA DE LA BIBLIOTECA DEL CONGRESO
Número de clasificación DT62.S8
Número de documento/Ítem F53
110 1# - ENTRADA PRINCIPAL--NOMBRE DE ENTIDAD CORPORATIVA
Nombre de entidad corporativa o nombre de jurisdicción como elemento de entrada Florence.
Unidad subordinada Museo archeologico.
9 (RLIN) 4440
245 13 - MENCIÓN DE TÍTULO
Título Le stele egiziane del Nuovo Regno. /
Mención de responsabilidad, etc. [Catalogo di] Sergio Bosticco.
260 ## - PUBLICACIÓN, DISTRIBUCIÓN, ETC.
Lugar de publicación, distribución, etc. [Roma] :
Nombre del editor, distribuidor, etc. Istituto poligrafico dello Stato, Libreria dello Stato,
Fecha de publicación, distribución, etc. [1965].
300 ## - DESCRIPCIÓN FÍSICA
Extensión 82 p. :
Otras características físicas plates. ;
Dimensiones 26 cm.
490 1# - MENCIÓN DE SERIE
Mención de serie Cataloghi dei musei e gallerie d'Italia
504 ## - NOTA DE BIBLIOGRAFÍA, ETC.
Nota de bibliografía, etc. Includes bibliographies.
650 #0 - PUNTO DE ACCESO ADICIONAL DE MATERIA--TÉRMINO DE MATERIA
Término de materia o nombre geográfico como elemento de entrada Stele (archaeology)
Subdivisión geográfica Egypt.
9 (RLIN) 4441
700 1# - PUNTO DE ACCESO ADICIONAL--NOMBRE DE PERSONA
Nombre de persona Bosticco, Sergio.
9 (RLIN) 4442
830 #0 - PUNTO DE ACCESO ADICIONAL DE SERIE-TÍTULO UNIFORME
Título uniforme Cataloghi dei musei e gallerie d'Italia (Unnumbered)
9 (RLIN) 4443
910 ## - DATOS DE OPCIÓN DEL USUARIO (OCLC)
Datos de opción del usuario Catalogación por copia / LC
910 ## - DATOS DE OPCIÓN DEL USUARIO (OCLC)
Datos de opción del usuario DC
Holdings
Estado de retiro Estado de pérdida Restricciones de uso No para préstamo Código de colección Localización permanente Ubicación/localización actual Ubicación en estantería Fecha de adquisición Número de inventario Total de préstamos Signatura topográfica completa Código de barras Fecha visto por última vez Precio válido a partir de Tipo de ítem Koha
    Préstamo interno   Monografías: Libros y Folletos General General Depósito 04.09.2009 LF1   DT62 .S8 F53 1313-10 25.06.2020 25.06.2020 Préstamo interno

Powered by Koha